000
00284 a2200109 4500
001
50729
040
_c
Anchieta - Pituba
240
1
0
_a
Enciclopédia Digital
_l
245
1
0
_a
Enciclopédia Digital
650
4
_a
Obras enciclopédicas gerais de línguas espanhola e portuguesa
942
_c
MU
999
_c
50729
_d
50729